000 00948cab a2200241 4500
001 ABS60682
008 090401t1999 xxu||||| |||| 00| 0 eng d
035 _a(Sirsi) u93652
041 _aeng
100 _aCharlwood, S.
245 _aDeductions for contributory negligence
260 _c1999
350 _a0
490 _aSolicitors` Journal
_v143(19) 14 May 1999, 456-457(2)
520 _aThe author considers the correct approach to contributory negligence in claims against professionals following the HL decision in Platform Home Loans Ltd v Oyston Shipways Ltd. Also discusses the decision in South Australia Asset Management Corporation v York Montague Ltd.
650 _aCONTRIBUTORY NEGLIGENCE
650 _aMORTGAGE ARREARS
650 _aNEGLIGENT VALUATION
650 _aPLATFORM HOME LOANS LTD V OYSTON SHIPWAYS LTD
690 _aMANAGEMENT-BUSINESS MANAGEMENT-PROFESSIONAL PRACTICE
942 _n0
948 _c28/05/1999
999 _c59356
_d59356